00325nam a2200121Ia 4500008004100000041000800041082001700049100001800066245003700084260004000121300003100161365001100192240624s9999 xx 000 0 und d aeng a658.3124 WAD aWADE PAMELA A aMEASURING THE IMPACT OF TRAINING c1998aNew DelhibWheeler Publishing avii, : 105 : p. : cm. ; 23 cRSb30